Campeones de la Copa Hicla - Estadísticas

Estadísticas generales
  • Esta prueba ha sido intentada 13 veces
    8 desde el último reinicio
  • La puntuación promedio es 16 de 20
Estadísticas de respuestas
Hint Extra Hint Respuesta % Correcto
T5 Subcampeón Arindeo
100%
T1 Subcampeón Heaven
100%
T1 Campeón Liklo
100%
T2 Campeón Liklo
100%
T3 Subcampeón Liklo
100%
T3 Campeón Rebena
100%
T4 Campeón Rebena
100%
T5 Campeón Rebena
100%
T2 Subcampeón Rebuina
100%
T4 Subcampeón Rebuina
100%
T6 Subcampeón Rebuina
75%
T7 Subcampeón Rebuina
75%
T9 Subcampeón Duvona
50%
T6 Campeón Gorllicin
50%
T7 Campeón Gorllicin
50%
T10 Campeón Liklo
50%
T8 Campeón Rebena
50%
T9 Campeón Rebena
50%
T8 Subcampeón Rebuina
50%
T10 Subcampeón Rebuina
50%
No se encontraron pruebas coincidentes
Distribución de puntuación
Porcentaje de gente con cada puntuación
Porcentaje por número respondido
Historial de tus puntuaciones
No has intentado esta prueba desde el último reinicio